000 00416 a2200157 4500
005 20250625165125.0
020 _a0-324-1840-0
082 _a658.3 BOH
100 _aBOHLANDER, G.
245 _aManaging human Resources.
250 _a13rd Ed.
260 _aAustalia,
_bThomson South-Western,
_c2004.
300 _axxxvii,794p.: ill.; figure, table
_bGlossary & Index
_c26cm
700 _aSNELL, S.
942 _2ddc
_cBKS
999 _c5149
_d5149